<?xml version="1.0" encoding="UTF-8"?>
<record
    xmlns:xsi="http://www.w3.org/2001/XMLSchema-instance"
    xsi:schemaLocation="http://www.loc.gov/MARC21/slim http://www.loc.gov/standards/marcxml/schema/MARC21slim.xsd"
    xmlns="http://www.loc.gov/MARC21/slim">

  <leader>00465nam a22001937a 4500</leader>
  <controlfield tag="003">MPLRDC</controlfield>
  <controlfield tag="005">20220104124403.0</controlfield>
  <controlfield tag="008">210129b           ||||| |||| 00| 0 eng d</controlfield>
  <datafield tag="020" ind1=" " ind2=" ">
    <subfield code="a">962-451-306-1</subfield>
  </datafield>
  <datafield tag="082" ind1=" " ind2=" ">
    <subfield code="a">857.8 XSXL v.1</subfield>
  </datafield>
  <datafield tag="100" ind1=" " ind2=" ">
    <subfield code="a">&#x6811;&#x82AC;</subfield>
  </datafield>
  <datafield tag="245" ind1=" " ind2=" ">
    <subfield code="a">&#x4E0A;&#x6D77;&#x751F;&#x6B7B;&#x604B;</subfield>
    <subfield code="c"></subfield>
  </datafield>
  <datafield tag="250" ind1=" " ind2=" ">
    <subfield code="a">&#x521D;&#x7248;&#x4E00;&#x5237;</subfield>
  </datafield>
  <datafield tag="260" ind1=" " ind2=" ">
    <subfield code="a"></subfield>
    <subfield code="b">&#x7687;&#x51A0;&#x51FA;&#x7248;&#x793E;&#x6709;&#x9650;&#x516C;&#x53F8;</subfield>
    <subfield code="c">1995</subfield>
  </datafield>
  <datafield tag="300" ind1=" " ind2=" ">
    <subfield code="b">&#x5E73;</subfield>
  </datafield>
  <datafield tag="490" ind1=" " ind2=" ">
    <subfield code="a">&#x5C0F;&#x8BF4;&#x7CFB;&#x5217;. 1</subfield>
  </datafield>
  <datafield tag="650" ind1=" " ind2=" ">
    <subfield code="a">&#x5C0F;&#x8BF4;</subfield>
  </datafield>
  <datafield tag="942" ind1=" " ind2=" ">
    <subfield code="c">BK</subfield>
    <subfield code="o">857.8 XSXL v.1</subfield>
  </datafield>
  <datafield tag="999" ind1=" " ind2=" ">
    <subfield code="c">18930</subfield>
    <subfield code="d">18920</subfield>
  </datafield>
  <datafield tag="952" ind1=" " ind2=" ">
    <subfield code="0">0</subfield>
    <subfield code="1">0</subfield>
    <subfield code="2">ddc</subfield>
    <subfield code="4">0</subfield>
    <subfield code="7">0</subfield>
    <subfield code="8">OSC</subfield>
    <subfield code="a">MPLRDC</subfield>
    <subfield code="b">MPLRDC</subfield>
    <subfield code="c">OSC</subfield>
    <subfield code="d">2007-12-10</subfield>
    <subfield code="g">13.00</subfield>
    <subfield code="l">0</subfield>
    <subfield code="o">857.8 XSXL v.1</subfield>
    <subfield code="p">00018998</subfield>
    <subfield code="r">2021-03-17</subfield>
    <subfield code="s">2016-07-29</subfield>
    <subfield code="w">2021-03-17</subfield>
    <subfield code="y">BK</subfield>
    <subfield code="z">mplrdc</subfield>
  </datafield>
</record>
